| 000 | 00910nam a2200205 u 4500 | ||
|---|---|---|---|
| 001 | 000005247 | ||
| 003 | AM-YeHGA | ||
| 005 | 20250617163036.0 | ||
| 008 | 021212s1959 ai r 000 0 rus d | ||
| 040 | _aAM-YeHGA | ||
| 111 | 2 |
_aНаучная сессия по дефектологии _cМосква _d25-27 марта 1958 г. _n(2) |
|
| 245 | 1 | 0 |
_aТруды второй научной сессии по дефектологии / _cАПН РСФСР. Ин-т дефектологии ; Под ред. А.И. Дьячкова и В.И. Лубовского. |
| 260 |
_aМосква : _bИзд-во АПН РСФСР, _c1959. |
||
| 300 | _a211 с. | ||
| 550 | _aИн-т дефектологии АПН РСФСР | ||
| 650 | 1 | 4 | _aПедагогика. Школа в целом |
| 700 | 1 |
_aДьячков, А.И. _4edt _eред. |
|
| 700 | 1 |
_aЛубовский, В.И. _4edt _eред. |
|
| 090 | _c503428 | ||
| 999 |
_c500017 _d500017 |
||